[Event "84th ESP-ch 2019"]
[Site "Marbella"]
[Date "2019.11.24"]
[Round "9.11"]
[White "Garza Marco, Sergio"]
[Black "Vega Gutierrez, Sabrina"]
[Result "1-0"]
[WhiteElo "2400"]
[BlackElo "2374"]
[Annotator "NA"]
[PlyCount "129"]
[EventDate "2019.11.16"]
[EventType "swiss"]
[EventCountry "ESP"]
[SourceTitle "playchess.com"]
[Source "ChessBase"]
[SourceQuality "1"]
[TimeControl "5400+30"]

1. d4 {[%emt 0:00:00]} d5 {[%emt 0:00:00]} 2. c4 {[%emt 0:00:00]} e6 {[%emt 0:00:12]} 3. Nf3 {[%emt 0:00:00]} Nf6 {[%emt 0:00:40]} 4. e3 {[%emt 0:04:05]} c6 {[%emt 0:05:51]} 5. Bd3 {[%emt 0:00:58]} Nbd7 {[%emt 0:06:43]} 6. b3 {[%emt 0:00:24]} Bd6 {[%emt 0:01:04]} 7. Bb2 {[%emt 0:00:10]} Qe7 {[%emt 0:05:10]} 8. Ne5 {[%emt 0:02:16]} Bb4+ {[%emt 0:09:45]} 9. Nd2 {[%emt 0:07:45]} Ne4 {[%emt 0:08:58]} 10. Bxe4 {[%emt 0:00:18]} dxe4 {[%emt 0:00:10]} 11. O-O {[%emt 0:00:16]} f5 {[%emt 0:03:58]} 12. a3 {[%emt 0:05:27]} Bxd2 {[%emt 0:03:49]} 13. Qxd2 {[%emt 0:00:06]} O-O {[%emt 0:00:29]} 14. Nxd7 {[%emt 0:03:11]} Bxd7 {[%emt 0:00:30]} 15. a4 {[%emt 0:00:06]} Rfd8 {[%emt 0:03:38]} 16. Ba3 {[%emt 0:00:38]} Qf6 {[%emt 0:02:46]} 17. Bd6 {[%emt 0:00:19]} Be8 {[%emt 0:00:48]} 18. c5 {[%emt 0:06:36]} Bh5 {[%emt 0:08:23]} 19. Ra2 {[%emt 0:04:26]} h6 {[%emt 0:07:21]} 20. b4 {[%emt 0:01:50]} a6 {[%emt 0:00:13]} 21. Rb1 {[%emt 0:15:19]} Be8 {[%emt 0:07:24]} 22. Bc7 {[%emt 0:03:27]} Rdc8 {[%emt 0:00:17]} 23. Be5 {[%emt 0:00:07]} Qd8 {[%emt 0:00:43]} 24. Bd6 {[%emt 0:00:43]} Kh7 {[%emt 0:04:35]} 25. Qe2 {[%emt 0:01:46]} Qh4 {[%emt 0:01:21]} 26. Qc4 {[%emt 0:01:15]} Bd7 {[%emt 0:00:03]} 27. Rf1 {[%emt 0:02:04]} Re8 {[%emt 0:01:22]} 28. Rb2 {[%emt 0:00:49]} Rg8 {[%emt 0:03:15]} 29. Bg3 {[%emt 0:01:20]} Qe7 {[%emt 0:05:14]} 30. Qc2 {[%emt 0:00:44]} Be8 {[%emt 0:00:41]} 31. h3 {[%emt 0:00:25]} Qd7 {[%emt 0:04:14]} 32. Bd6 {[%emt 0:00:08]} Bh5 {[%emt 0:01:08]} 33. Rfb1 {[%emt 0:00:23]} Be8 {[%emt 0:01:33]} 34. Qd1 {[%emt 0:00:56]} Qf7 {[%emt 0:00:46]} 35. f3 {[%emt 0:01:33]} exf3 {[%emt 0:01:13]} 36. Qxf3 {[%emt 0:00:09]} g5 {[%emt 0:00:28]} 37. Rf1 {[%emt 0:01:07]} g4 {[%emt 0:02:22]} 38. hxg4 {[%emt 0:00:05]} Rxg4 {[%emt 0:00:05]} 39. b5 {[%emt 0:00:14]} axb5 {[%emt 0:00:12]} 40. axb5 {[%emt 0:00:08]} Qg8 {[%emt 0:01:53]} 41. Bf4 {[%emt 0:00:38]} Ra5 {[%emt 0:00:39]} 42. Be5 {[%emt 0:03:43]} Qg5 {[%emt 0:00:30]} 43. Rfb1 {[%emt 0:01:19]} Re4 {[%emt 0:00:29]} 44. Bf4 {[%emt 0:00:20]} Qg7 {[%emt 0:00:28]} 45. b6 {[%emt 0:00:47]} Ra3 {[%emt 0:00:21]} 46. Rd1 {[%emt 0:01:07]} Bg6 {[%emt 0:00:35]} 47. Kf2 {[%emt 0:00:19]} Qf7 {[%emt 0:00:38]} 48. Rh1 {[%emt 0:00:21]} h5 {[%emt 0:00:01]} 49. Rd2 {[%emt 0:00:26]} Qe8 {[%emt 0:00:41]} 50. Qg3 {[%emt 0:00:34]} Qe7 {[%emt 0:00:49]} 51. Rh3 {[%emt 0:01:28]} Ra8 {[%emt 0:00:18]} 52. Qf3 {[%emt 0:00:18]} Qf7 {[%emt 0:00:15]} 53. Rg3 {[%emt 0:00:16]} Rd8 54. Rd1 {[%emt 0:01:03]} Ra8 {[%emt 0:01:17]} 55. Rg5 {[%emt 0:02:02]} Ra2+ {[%emt 0:00:34]} 56. Kg3 {[%emt 0:00:24]} Ra8 {[%emt 0:00:36]} 57. Rh1 {[%emt 0:00:10]} Ra3 {[%emt 0:00:27]} 58. Rh3 {[%emt 0:02:46]} Qe8 {[%emt 0:00:33]} 59. Kh2 {[%emt 0:00:11]} e5 {[%emt 0:00:30]} 60. dxe5 {[%emt 0:01:35]} Rxe5 {[%emt 0:00:03]} 61. Rxg6 {[%emt 0:04:06]} Kxg6 {[%emt 0:00:46]} 62. Qxh5+ {[%emt 0:00:07]} Kf6 {[%emt 0:00:18]} 63. Qh7 {[%emt 0:00:26]} Ke6 {[%emt 0:00:23]} 64. Bxe5 {[%emt 0:01:21]} Kxe5 {[%emt 0:00:11]} 65. Qg7+ {[%emt 0:00:45]} 1-0

[Event "84th ESP-ch 2019"]
[Site "Marbella"]
[Date "2019.11.24"]
[Round "9.12"]
[White "Gines Esteo, Pedro Antonio"]
[Black "Moral Garcia, Serafin"]
[Result "1-0"]
[WhiteElo "2463"]
[BlackElo "2267"]
[Annotator "ChessBase"]
[PlyCount "185"]
[EventDate "2019.11.16"]
[EventType "swiss"]
[EventCountry "ESP"]
[SourceTitle "playchess.com"]
[Source "ChessBase"]
[SourceQuality "1"]
[TimeControl "5400+30"]

1. Nf3 {[%emt 0:00:00]} g6 {[%emt 0:00:00]} 2. d4 Bg7 {[%emt 0:00:00]} 3. c4 {[%emt 0:00:08]} Nf6 {[%emt 0:00:05]} 4. Nc3 {[%emt 0:00:04]} d5 {[%emt 0:00:41]} 5. cxd5 {[%emt 0:01:14]} Nxd5 {[%emt 0:00:29]} 6. Na4 {[%emt 0:00:16]} O-O {[%emt 0:02:12]} 7. e4 {[%emt 0:02:17]} Nb6 {[%emt 0:00:12]} 8. Be3 {[%emt 0:02:03]} Bg4 {[%emt 0:06:23]} 9. Nc5 {[%emt 0:11:20]} Nc6 {[%emt 0:05:10]} 10. d5 {[%emt 0:01:11]} Ne5 {[%emt 0:03:09]} 11. Rc1 {[%emt 0:00:18]} Rb8 {[%emt 0:05:21]} 12. h3 {[%emt 0:16:15]} Bxf3 {[%emt 0:00:55]} 13. gxf3 {[%emt 0:00:06]} Ned7 {[%emt 0:00:17]} 14. b4 {[%emt 0:03:12]} c6 {[%emt 0:04:32]} 15. dxc6 {[%emt 0:01:14]} bxc6 {[%emt 0:00:13]} 16. Na6 {[%emt 0:09:03]} Rb7 {[%emt 0:03:27]} 17. Qc2 {[%emt 0:01:05]} Ne5 {[%emt 0:03:27]} 18. Be2 {[%emt 0:02:56]} Rd7 {[%emt 0:07:45]} 19. Nc5 {[%emt 0:00:16]} Rc7 {[%emt 0:00:17]} 20. a4 {[%emt 0:11:16]} e6 {[%emt 0:08:28]} 21. a5 {[%emt 0:02:14]} Na8 {[%emt 0:00:40]} 22. f4 {[%emt 0:11:34]} Nd7 {[%emt 0:00:06]} 23. Na6 {[%emt 0:00:06]} Rc8 {[%emt 0:00:16]} 24. O-O {[%emt 0:05:51]} Qh4 {[%emt 0:05:19]} 25. e5 {[%emt 0:02:12]} g5 {[%emt 0:04:02]} 26. fxg5 {[%emt 0:01:54]} Qxh3 {[%emt 0:02:25]} 27. Qe4 {[%emt 0:00:15]} Nxe5 {[%emt 0:00:55]} 28. Qg2 {[%emt 0:07:32]} Qf5 {[%emt 0:01:00]} 29. Rc5 {[%emt 0:00:39]} Qg6 {[%emt 0:02:05]} 30. f4 {[%emt 0:00:32]} Nd7 {[%emt 0:01:44]} 31. Rxc6 {[%emt 0:00:29]} Rxc6 {[%emt 0:01:06]} 32. Qxc6 {[%emt 0:00:05]} Nf6 {[%emt 0:00:01]} 33. Kh2 {[%emt 0:01:46]} Nd5 {[%emt 0:03:02]} 34. f5 {[%emt 0:01:38]} Be5+ {[%emt 0:00:01]} 35. Kh1 {[%emt 0:00:36]} Qg7 {[%emt 0:00:03]} 36. Bd2 {[%emt 0:00:35]} Nac7 {[%emt 0:02:14]} 37. Nc5 {[%emt 0:04:40]} exf5 {[%emt 0:05:40]} 38. Rxf5 {[%emt 0:00:17]} Ne7 {[%emt 0:04:59]} 39. Qe4 {[%emt 0:00:23]} Nxf5 {[%emt 0:00:01]} 40. Qxf5 {[%emt 0:00:02]} Rd8 {[%emt 0:01:48]} 41. Bd3 {[%emt 0:00:15]} Nd5 {[%emt 0:00:43]} 42. Nd7 {[%emt 0:00:50]} Nf4 {[%emt 0:02:08]} 43. Bxf4 {[%emt 0:01:13]} Bxf4 {[%emt 0:01:33]} 44. Nf6+ {[%emt 0:00:14]} Kh8 {[%emt 0:00:26]} 45. Qxf4 {[%emt 0:00:11]} h6 {[%emt 0:01:19]} 46. gxh6 {[%emt 0:00:57]} Qf8 {[%emt 0:00:01]} 47. Nd7 {[%emt 0:01:43]} Qe7 {[%emt 0:00:54]} 48. Qe5+ {[%emt 0:00:26]} Qxe5 {[%emt 0:00:04]} 49. Nxe5 {[%emt 0:00:04]} Kg8 {[%emt 0:00:13]} 50. Bc4 {[%emt 0:00:47]} Rd4 {[%emt 0:00:28]} 51. Kg2 {[%emt 0:00:43]} Kh7 {[%emt 0:00:34]} 52. Bxf7 {[%emt 0:00:31]} Rxb4 {[%emt 0:01:04]} 53. Nc6 {[%emt 0:00:26]} Rb5 {[%emt 0:02:40]} 54. Be8 {[%emt 0:00:33]} Kxh6 {[%emt 0:01:42]} 55. Kf3 {[%emt 0:00:01]} Kg7 {[%emt 0:02:52]} 56. Ke4 {[%emt 0:00:07]} Kf8 {[%emt 0:00:53]} 57. Bd7 {[%emt 0:00:01]} Rb7 {[%emt 0:02:06]} 58. Be6 {[%emt 0:01:07]} Rg7 {[%emt 0:00:50]} 59. Kd5 {[%emt 0:00:22]} Ke8 {[%emt 0:01:09]} 60. Kd6 {[%emt 0:00:07]} Rg5 {[%emt 0:01:21]} 61. Bd7+ {[%emt 0:00:45]} Kf7 {[%emt 0:00:00]} 62. a6 {[%emt 0:00:40]} Rg1 {[%emt 0:00:08]} 63. Kc7 {[%emt 0:00:42]} Ra1 {[%emt 0:00:02]} 64. Kb7 {[%emt 0:00:32]} Kf6 {[%emt 0:00:05]} 65. Kxa7 {[%emt 0:00:32]} Kf7 {[%emt 0:00:03]} 66. Kb7 {[%emt 0:00:13]} Kf6 {[%emt 0:00:05]} 67. a7 {[%emt 0:00:13]} Kf7 {[%emt 0:00:05]} 68. Kb6 {[%emt 0:00:39]} Rxa7 {[%emt 0:00:04]} 69. Kxa7 {[%emt 0:00:08]} Kf6 {[%emt 0:00:10]} 70. Kb6 {[%emt 0:00:16]} Kf7 {[%emt 0:00:03]} 71. Kc5 {[%emt 0:00:06]} Kf6 {[%emt 0:00:04]} 72. Kd5 {[%emt 0:00:08]} Kf7 {[%emt 0:00:04]} 73. Ke5 {[%emt 0:00:14]} Kg7 {[%emt 0:00:03]} 74. Kf5 {[%emt 0:00:18]} Kf7 {[%emt 0:00:10]} 75. Be6+ {[%emt 0:00:06]} Kg7 {[%emt 0:00:07]} 76. Kg5 {[%emt 0:00:27]} Kh7 {[%emt 0:00:06]} 77. Kf6 {[%emt 0:00:04]} Kh8 {[%emt 0:00:04]} 78. Ne5 {[%emt 0:00:06]} Kh7 {[%emt 0:00:07]} 79. Ng6 {[%emt 0:00:07]} Kh6 {[%emt 0:00:06]} 80. Bg8 {[%emt 0:00:09]} Kh5 {[%emt 0:00:04]} 81. Ne5 {[%emt 0:00:05]} Kh6 {[%emt 0:01:12]} 82. Ng4+ {[%emt 0:00:16]} Kh5 {[%emt 0:00:06]} 83. Kf5 {[%emt 0:00:06]} Kh4 {[%emt 0:00:00]} 84. Kf4 {[%emt 0:00:06]} Kh5 {[%emt 0:00:07]} 85. Bf7+ {[%emt 0:00:04]} Kh4 {[%emt 0:00:03]} 86. Ne3 {[%emt 0:00:32]} Kh3 {[%emt 0:00:02]} 87. Bg6 {[%emt 0:00:08]} Kh4 {[%emt 0:00:06]} 88. Ng2+ {[%emt 0:00:04]} Kh3 {[%emt 0:00:04]} 89. Kf3 {[%emt 0:00:04]} Kh2 {[%emt 0:00:06]} 90. Kf2 {[%emt 0:00:05]} Kh3 {[%emt 0:00:06]} 91. Bf5+ {[%emt 0:00:04]} Kh2 {[%emt 0:00:05]} 92. Ne3 {[%emt 0:00:13]} Kh1 {[%emt 0:00:08]} 93. Bg4 {[%emt 0:00:03]} 1-0

[Event "84th ESP-ch 2019"]
[Site "Marbella"]
[Date "2019.11.24"]
[Round "9.13"]
[White "Tejedor Fuente, Enrique"]
[Black "Hernando Rodrigo, Julio Antonio"]
[Result "1/2-1/2"]
[WhiteElo "2457"]
[BlackElo "2271"]
[Annotator "ChessBase"]
[PlyCount "110"]
[EventDate "2019.11.16"]
[EventType "swiss"]
[EventCountry "ESP"]
[SourceTitle "playchess.com"]
[Source "ChessBase"]
[SourceQuality "1"]
[TimeControl "5400+30"]

1. e4 {[%emt 0:07:17]} e6 {[%emt 0:00:00]} 2. d4 {[%emt 0:00:09]} d5 {[%emt 0:00:00]} 3. exd5 {[%emt 0:00:04]} exd5 {[%emt 0:00:00]} 4. c4 {[%emt 0:00:02]} Nf6 {[%emt 0:00:23]} 5. Nc3 {[%emt 0:00:02]} Bb4 {[%emt 0:03:49]} 6. Bd3 {[%emt 0:00:02]} O-O {[%emt 0:00:37]} 7. Nge2 {[%emt 0:00:01]} h6 {[%emt 0:08:55]} 8. O-O {[%emt 0:08:51]} dxc4 {[%emt 0:03:30]} 9. Bxc4 {[%emt 0:00:04]} Nc6 {[%emt 0:00:34]} 10. a3 {[%emt 0:01:27]} Bd6 {[%emt 0:01:26]} 11. Nb5 {[%emt 0:17:11]} Bf5 {[%emt 0:05:43]} 12. Nxd6 {[%emt 0:02:31]} cxd6 {[%emt 0:08:07]} 13. Nc3 {[%emt 0:10:57]} d5 {[%emt 0:06:07]} 14. Ba2 {[%emt 0:02:26]} Qb6 {[%emt 0:02:01]} 15. Be3 {[%emt 0:03:30]} Qxb2 {[%emt 0:02:14]} 16. Nxd5 {[%emt 0:00:45]} Nxd5 {[%emt 0:00:59]} 17. Bxd5 {[%emt 0:00:02]} Rad8 {[%emt 0:00:35]} 18. Bxc6 {[%emt 0:01:07]} bxc6 {[%emt 0:00:08]} 19. Qa4 {[%emt 0:00:50]} Qb7 {[%emt 0:12:06]} 20. Rac1 {[%emt 0:02:56]} Be4 {[%emt 0:02:54]} 21. Rc5 {[%emt 0:01:09]} Rd6 {[%emt 0:00:23]} 22. Qb4 {[%emt 0:02:41]} Qd7 {[%emt 0:01:02]} 23. f3 {[%emt 0:02:11]} Bd5 {[%emt 0:00:11]} 24. Rcc1 {[%emt 0:06:21]} Rg6 {[%emt 0:05:59]} 25. Qd2 {[%emt 0:01:58]} Rb8 {[%emt 0:01:27]} 26. Kh1 {[%emt 0:01:43]} Qf5 {[%emt 0:01:25]} 27. Qc2 {[%emt 0:04:44]} Qxc2 {[%emt 0:02:00]} 28. Rxc2 {[%emt 0:00:01]} Rb3 {[%emt 0:00:09]} 29. Bc1 {[%emt 0:00:18]} Re6 {[%emt 0:01:10]} 30. Kg1 {[%emt 0:02:33]} f5 {[%emt 0:02:03]} 31. Kf2 {[%emt 0:01:04]} Rd3 {[%emt 0:00:44]} 32. Rd2 {[%emt 0:00:28]} Rxd2+ {[%emt 0:00:28]} 33. Bxd2 {[%emt 0:00:20]} Bc4 {[%emt 0:00:16]} 34. Re1 {[%emt 0:04:52]} Rxe1 {[%emt 0:00:31]} 35. Kxe1 {[%emt 0:00:55]} Kf7 {[%emt 0:00:10]} 36. Be3 {[%emt 0:00:03]} a5 {[%emt 0:08:15]} 37. Bf4 {[%emt 0:01:01]} Ke6 {[%emt 0:00:36]} 38. Be5 {[%emt 0:00:14]} g5 {[%emt 0:00:36]} 39. Bg7 {[%emt 0:01:36]} h5 {[%emt 0:00:12]} 40. Bh6 {[%emt 0:00:48]} Kd5 {[%emt 0:02:03]} 41. Bg7 {[%emt 0:06:36]} Ke6 {[%emt 0:00:17]} 42. Be5 {[%emt 0:01:48]} c5 {[%emt 0:03:40]} 43. Bc7 {[%emt 0:01:03]} cxd4 {[%emt 0:00:10]} 44. Bxa5 {[%emt 0:00:01]} Bb5 {[%emt 0:03:08]} 45. Bd2 {[%emt 0:00:56]} Kf6 {[%emt 0:01:53]} 46. Kf2 {[%emt 0:00:19]} h4 {[%emt 0:00:42]} 47. f4 {[%emt 0:00:25]} g4 {[%emt 0:00:08]} 48. Ba5 {[%emt 0:01:21]} Ke6 {[%emt 0:02:13]} 49. g3 {[%emt 0:04:24]} h3 {[%emt 0:00:25]} 50. Bb4 {[%emt 0:01:50]} Kd5 {[%emt 0:00:06]} 51. Ba5 {[%emt 0:00:23]} Ke4 {[%emt 0:01:10]} 52. Bb4 {[%emt 0:00:07]} Kd3 {[%emt 0:01:27]} 53. Ba5 {[%emt 0:00:06]} Kc2 {[%emt 0:00:58]} 54. Bb4 {[%emt 0:00:09]} Kb3 {[%emt 0:00:55]} 55. Ke1 {[%emt 0:01:08]} Kc2 1/2-1/2

[Event "84th ESP-ch 2019"]
[Site "Marbella"]
[Date "2019.11.24"]
[Round "9.14"]
[White "Suarez Uriel, Adrian"]
[Black "Martin Hernandez, Ruben"]
[Result "1-0"]
[WhiteElo "2389"]
[BlackElo "2206"]
[Annotator "NA"]
[PlyCount "67"]
[EventDate "2019.11.16"]
[EventType "swiss"]
[EventCountry "ESP"]
[SourceTitle "playchess.com"]
[Source "ChessBase"]
[SourceQuality "1"]
[TimeControl "5400+30"]

1. e4 {[%emt 0:00:00]} c5 {[%emt 0:00:08]} 2. Nf3 {[%emt 0:00:00]} e6 {[%emt 0:00:06]} 3. d4 {[%emt 0:00:00]} cxd4 {[%emt 0:00:06]} 4. Nxd4 {[%emt 0:00:00]} Nc6 {[%emt 0:00:09]} 5. Nc3 {[%emt 0:00:00]} Qc7 {[%emt 0:00:12]} 6. Qd3 $11 {[%emt 0:00:00]} a6 {[%emt 0:04:37]} 7. Nxc6 {[%emt 0:00:42]} bxc6 {[%emt 0:01:08]} 8. Qg3 {[%emt 0:00:05]} Qxg3 {[%emt 0:07:04]} 9. hxg3 {[%emt 0:00:28]} d5 {[%emt 0:00:37]} 10. Na4 {[%emt 0:00:53]} Rb8 {[%emt 0:07:56]} 11. exd5 {[%emt 0:01:08]} cxd5 {[%emt 0:00:46]} 12. Bf4 {[%emt 0:00:04]} Rb4 {[%emt 0:02:03]} 13. b3 {[%emt 0:00:18]} e5 {[%emt 0:07:53]} 14. Bd2 {[%emt 0:00:07]} Rb8 {[%emt 0:00:43]} 15. Ba5 {[%emt 0:15:42]} f6 {[%emt 0:12:34]} 16. c4 {[%emt 0:06:46]} Ne7 {[%emt 0:04:36]} 17. Bc7 {[%emt 0:06:05]} Rb7 {[%emt 0:04:59]} 18. Bd6 {[%emt 0:00:02]} d4 {[%emt 0:00:48]} 19. c5 {[%emt 0:03:35]} Nf5 {[%emt 0:02:40]} 20. Bxf8 {[%emt 0:01:07]} Kxf8 {[%emt 0:00:06]} 21. Bxa6 {[%emt 0:00:11]} Rc7 {[%emt 0:00:06]} 22. Bd3 {[%emt 0:01:43]} e4 {[%emt 0:00:48]} 23. Bc4 {[%emt 0:03:48]} Ke7 {[%emt 0:04:54]} 24. O-O-O {[%emt 0:00:16]} Bd7 {[%emt 0:00:20]} 25. g4 {[%emt 0:01:00]} Bxa4 {[%emt 0:09:09]} 26. gxf5 {[%emt 0:00:09]} Rxc5 {[%emt 0:00:25]} 27. Rxd4 {[%emt 0:00:10]} Bc6 {[%emt 0:00:17]} 28. g4 {[%emt 0:02:37]} h6 {[%emt 0:00:24]} 29. Kb2 {[%emt 0:01:18]} Rb8 {[%emt 0:00:20]} 30. Re1 {[%emt 0:02:29]} h5 {[%emt 0:00:18]} 31. f3 {[%emt 0:02:40]} Re5 {[%emt 0:00:32]} 32. fxe4 {[%emt 0:01:02]} h4 {[%emt 0:00:02]} 33. Re3 {[%emt 0:00:50]} Rh8 {[%emt 0:00:51]} 34. Bf1 {[%emt 0:00:07]} 1-0

[Event "84th ESP-ch 2019"]
[Site "Marbella"]
[Date "2019.11.24"]
[Round "9.15"]
[White "Calzetta Ruiz, Monica"]
[Black "Alvarez Fernandez, Enrique"]
[Result "0-1"]
[WhiteElo "2251"]
[BlackElo "2349"]
[Annotator "NA"]
[PlyCount "154"]
[EventDate "2019.11.16"]
[EventType "swiss"]
[EventCountry "ESP"]
[SourceTitle "playchess.com"]
[Source "ChessBase"]
[SourceQuality "1"]
[TimeControl "5400+30"]

1. c4 {[%emt 0:04:06]} e5 {[%emt 0:00:00]} 2. g3 {[%emt 0:00:11]} Nf6 {[%emt 0:00:15]} 3. Bg2 {[%emt 0:00:06]} c6 {[%emt 0:00:26]} 4. d4 {[%emt 0:03:04]} e4 {[%emt 0:03:23]} 5. Nc3 {[%emt 0:04:47]} Bb4 {[%emt 0:00:50]} 6. Qb3 {[%emt 0:05:15]} Bxc3+ {[%emt 0:01:41]} 7. bxc3 {[%emt 0:00:20]} O-O {[%emt 0:00:26]} 8. h4 {[%emt 0:08:04]} d5 {[%emt 0:06:27]} 9. cxd5 {[%emt 0:17:31]} cxd5 {[%emt 0:00:18]} 10. Bg5 {[%emt 0:02:26]} Nbd7 {[%emt 0:02:10]} 11. Nh3 {[%emt 0:01:10]} Qa5 {[%emt 0:17:20]} 12. O-O {[%emt 0:00:47]} h6 {[%emt 0:01:41]} 13. Bf4 {[%emt 0:08:46]} Qa6 {[%emt 0:07:20]} 14. f3 {[%emt 0:08:56]} Nb6 {[%emt 0:07:45]} 15. Nf2 {[%emt 0:01:55]} e3 {[%emt 0:06:08]} 16. Bxe3 {[%emt 0:03:26]} Nh5 {[%emt 0:12:15]} 17. g4 {[%emt 0:12:06]} Ng3 {[%emt 0:02:45]} 18. Rfe1 {[%emt 0:00:07]} Nxe2+ {[%emt 0:07:23]} 19. Kh2 {[%emt 0:00:04]} Re8 {[%emt 0:01:40]} 20. Bf4 {[%emt 0:06:36]} Bxg4 {[%emt 0:07:04]} 21. Rxe2 {[%emt 0:00:03]} Qxe2 {[%emt 0:00:42]} 22. Nxg4 {[%emt 0:00:03]} h5 {[%emt 0:01:11]} 23. Ne5 {[%emt 0:02:28]} f6 {[%emt 0:00:22]} 24. Nd7 {[%emt 0:02:35]} Nxd7 {[%emt 0:01:00]} 25. Qxd5+ {[%emt 0:00:02]} Qe6 {[%emt 0:00:09]} 26. Qxb7 {[%emt 0:00:50]} Nb6 {[%emt 0:01:48]} 27. Bg3 {[%emt 0:03:44]} Re7 {[%emt 0:03:35]} 28. Qe4 {[%emt 0:00:05]} Qf7 {[%emt 0:01:30]} 29. Qc2 {[%emt 0:01:11]} Rae8 {[%emt 0:00:37]} 30. Bf1 {[%emt 0:00:02]} Qd5 {[%emt 0:01:14]} 31. Qb3 {[%emt 0:00:54]} Rc8 {[%emt 0:02:15]} 32. c4 {[%emt 0:01:59]} Qxd4 {[%emt 0:02:49]} 33. c5+ {[%emt 0:01:43]} Kh8 {[%emt 0:00:26]} 34. cxb6 {[%emt 0:00:41]} Qxa1 {[%emt 0:00:51]} 35. b7 {[%emt 0:00:01]} Rb8 {[%emt 0:01:09]} 36. Bxb8 {[%emt 0:00:04]} Qxf1 {[%emt 0:00:05]} 37. Be5 {[%emt 0:00:55]} Qe2+ {[%emt 0:00:40]} 38. Kg1 {[%emt 0:00:09]} Qe1+ {[%emt 0:00:46]} 39. Kg2 {[%emt 0:00:02]} Qe2+ {[%emt 0:00:08]} 40. Kg1 {[%emt 0:00:01]} Rxb7 {[%emt 0:00:26]} 41. Qxb7 {[%emt 0:00:03]} Qxe5 {[%emt 0:00:14]} 42. Qxa7 {[%emt 0:00:27]} Qg3+ {[%emt 0:00:07]} 43. Kf1 {[%emt 0:01:02]} Qxf3+ {[%emt 0:00:06]} 44. Qf2 {[%emt 0:00:21]} Qa3 {[%emt 0:00:47]} 45. Qf5 {[%emt 0:00:38]} Qc1+ {[%emt 0:00:55]} 46. Kg2 {[%emt 0:00:12]} Qd2+ {[%emt 0:00:43]} 47. Kg3 {[%emt 0:00:13]} Qc3+ {[%emt 0:00:34]} 48. Qf3 {[%emt 0:00:22]} Qa5 {[%emt 0:00:39]} 49. a4 {[%emt 0:00:13]} Qxa4 {[%emt 0:00:18]} 50. Qxh5+ {[%emt 0:00:06]} Kg8 {[%emt 0:00:02]} 51. Qd5+ {[%emt 0:00:14]} Kf8 {[%emt 0:00:02]} 52. Qc5+ {[%emt 0:01:26]} Ke8 {[%emt 0:00:52]} 53. Qh5+ {[%emt 0:00:30]} Ke7 {[%emt 0:00:41]} 54. Qc5+ {[%emt 0:00:05]} Ke6 {[%emt 0:00:48]} 55. h5 {[%emt 0:02:32]} Qb3+ {[%emt 0:00:23]} 56. Kf2 {[%emt 0:00:19]} Qb2+ {[%emt 0:00:17]} 57. Kf3 {[%emt 0:00:59]} Qe5 {[%emt 0:00:56]} 58. Qc8+ {[%emt 0:00:56]} Ke7 {[%emt 0:00:48]} 59. Qg4 {[%emt 0:00:16]} Qd5+ {[%emt 0:00:19]} 60. Kf2 {[%emt 0:00:12]} Qc5+ {[%emt 0:00:16]} 61. Kf1 {[%emt 0:00:17]} Qc1+ {[%emt 0:00:09]} 62. Kf2 {[%emt 0:00:12]} Qd2+ {[%emt 0:00:07]} 63. Kf1 {[%emt 0:00:10]} Qd3+ {[%emt 0:00:04]} 64. Kf2 {[%emt 0:00:10]} Kf7 {[%emt 0:00:14]} 65. Ke1 {[%emt 0:01:02]} Qe3+ {[%emt 0:00:21]} 66. Kf1 {[%emt 0:00:05]} Qd3+ {[%emt 0:00:04]} 67. Ke1 {[%emt 0:00:06]} Qc3+ {[%emt 0:00:36]} 68. Kf1 {[%emt 0:00:12]} Qa1+ {[%emt 0:00:39]} 69. Kf2 {[%emt 0:00:07]} Qa2+ {[%emt 0:00:09]} 70. Kf1 {[%emt 0:00:07]} Qe6 {[%emt 0:00:13]} 71. Qg6+ {[%emt 0:00:25]} Kf8 {[%emt 0:00:13]} 72. Qd3 {[%emt 0:01:30]} Qe5 {[%emt 0:01:48]} 73. Qf3 {[%emt 0:00:21]} Kg8 {[%emt 0:00:31]} 74. Kf2 {[%emt 0:01:16]} Kh7 {[%emt 0:00:20]} 75. Qd3+ {[%emt 0:00:03]} f5 {[%emt 0:00:18]} 76. Qf3 {[%emt 0:02:16]} Kh6 {[%emt 0:00:55]} 77. Kg2 {[%emt 0:00:47]} Qe4 {[%emt 0:00:27]} 0-1

[Event "84th ESP-ch 2019"]
[Site "Marbella"]
[Date "2019.11.24"]
[Round "9.16"]
[White "Martinez Piqueras, Carlos"]
[Black "Pazos Porta, Antonio"]
[Result "0-1"]
[WhiteElo "2206"]
[BlackElo "2345"]
[Annotator "NA"]
[PlyCount "70"]
[EventDate "2019.11.16"]
[EventType "swiss"]
[EventCountry "ESP"]
[SourceTitle "playchess.com"]
[Source "ChessBase"]
[SourceQuality "1"]
[TimeControl "5400+30"]

1. d4 {[%emt 0:02:49]} Nf6 {[%emt 0:04:36]} 2. c4 {[%emt 0:00:21]} d6 {[%emt 0:00:42]} 3. Nc3 {[%emt 0:01:28]} e5 {[%emt 0:05:42]} 4. e4 {[%emt 0:07:11]} exd4 {[%emt 0:07:10]} 5. Qxd4 {[%emt 0:02:07]} Nc6 {[%emt 0:00:51]} 6. Qd2 {[%emt 0:01:05]} Be7 {[%emt 0:06:47]} 7. b3 {[%emt 0:00:42]} O-O {[%emt 0:00:38]} 8. Bb2 {[%emt 0:00:56]} Re8 {[%emt 0:21:15]} 9. Bd3 {[%emt 0:09:26]} Nd7 {[%emt 0:17:36]} 10. Nge2 {[%emt 0:11:40]} Nc5 {[%emt 0:04:51]} 11. Bc2 {[%emt 0:00:52]} a5 {[%emt 0:03:28]} 12. Nd5 {[%emt 0:06:50]} Bg5 {[%emt 0:06:40]} 13. f4 {[%emt 0:23:00]} Bh6 {[%emt 0:00:43]} 14. O-O {[%emt 0:00:12]} Nxe4 {[%emt 0:01:46]} 15. Bxe4 {[%emt 0:00:32]} Rxe4 {[%emt 0:00:02]} 16. Ng3 {[%emt 0:00:21]} Re6 {[%emt 0:03:22]} 17. Nf5 {[%emt 0:07:43]} Rg6 {[%emt 0:00:18]} 18. Nxh6+ {[%emt 0:00:44]} Rxh6 {[%emt 0:00:02]} 19. Qc3 {[%emt 0:02:46]} f6 {[%emt 0:00:51]} 20. Rae1 {[%emt 0:01:12]} Bf5 {[%emt 0:04:23]} 21. Rf2 {[%emt 0:12:00]} Qd7 {[%emt 0:00:26]} 22. Rfe2 {[%emt 0:00:39]} Rg6 {[%emt 0:00:34]} 23. Re7 {[%emt 0:02:56]} Nxe7 {[%emt 0:00:30]} 24. Rxe7 {[%emt 0:00:02]} Qd8 {[%emt 0:00:27]} 25. Rxc7 {[%emt 0:01:03]} Be4 {[%emt 0:01:20]} 26. Ne7+ {[%emt 0:01:51]} Kf7 {[%emt 0:00:01]} 27. Nd5+ {[%emt 0:00:50]} Kf8 {[%emt 0:00:13]} 28. g3 {[%emt 0:00:34]} h5 {[%emt 0:04:05]} 29. Rxb7 {[%emt 0:01:25]} Bxd5 {[%emt 0:00:38]} 30. cxd5 {[%emt 0:00:05]} h4 {[%emt 0:00:34]} 31. Ba3 {[%emt 0:01:23]} hxg3 {[%emt 0:00:12]} 32. hxg3 {[%emt 0:00:01]} Kg8 {[%emt 0:01:38]} 33. Rc7 {[%emt 0:00:41]} Qe8 {[%emt 0:01:16]} 34. Kf2 {[%emt 0:01:00]} Rh6 {[%emt 0:00:52]} 35. Bb2 {[%emt 0:00:29]} Qe4 {[%emt 0:00:51]} 0-1